000 00351nam a22001577a 4500
005 20200524111033.0
008 200524b xxu||||| |||| 00| 0 eng d
041 _aeng
082 _a340
100 _aBARE ACT
_95744
245 _aTHE MINES ACT, 1952
260 _aDELHI
_bPROFESSIONALS BOOK
300 _a199,p
650 _aLAW
_95701
942 _cBK
999 _c6494
_d6492